01973nam a2200361 a 4500003000500000005001700005007000300022008004100025020002200066040002300088041002300111050002900134082003500163100001700198240003700215245013200252250001700384264004000401300002700441336002700468337002700495338002800522520079000550650003601340650004101376650002701417650002201444650001201466650004001478650002401518650002401542700004501566CHAP20250204132027.0ta250204s2017 mx o|||gr|||| 001 0 spa d a978-607-400-370-3 amxchpuacCHAPerda aspabspafspaheng10aLD571.B67b.A43 M37 201700220a808.83935353bA43 M37 20171 aAlbom, Mitch1 aTuesdays with Morrie.lEspañol10aMartes con mi viejo profesor : buna lección de la vida, de la muerte y del amor / cMitch Albom ; traductor Alejandro Pareja a1a edición aMéxico :bOcéano : Maeva,c2017 a219 páginas :bfotos 2rdacontentatextobtxt 2rdamediaasin mediobn 2rdacarrieravolumenbnc2 an testimonio extraordinario que enseña la lección más valiosa: cómo dar sentido a nuestra vida. Considerado por The Washington Post como el libro de memorias más vendido de la historia, Martes con mi viejo profesor narra la experiencia vivida por Mitch Albom con Morrie Schwartz, uno de sus profesores de la universidad, al que vuelve a ver por casualidad muchos años después en una entrevista en televisión, en la que se entera de que su viejo profesor sufre ELA, una enfermedad degenerativa. Albom entra de nuevo en contacto con él y le propone verse todos los martes. Durante estos encuentros, tiene la oportunidad de plantearle las grandes preguntas que siguen inquiétandole y de hallar consejo y aliento para su propia vida en las sabias palabras del maestro.10aNovela estadounidenseySiglo XX10aLiteratura norteamericana xSiglo XX14aValores (Psicología)10aAmistadxNovela 10aNovel 10aAmerican literaturey20th century 10aValues (Psychology)10aFriendshipxFiction aPareja Rodríguez, Alejandroetraductor